MARC

LEADER 00000nam0a2200000 4500
001 296062
005 20231102000853.0
020 |a RU  |b 84-37602 
035 |a (RuTPU)RU\TPU\book\321155 
090 |a 296062 
100 |a 20150527d1984 km y0rusy5003 ca 
101 0 |a rus 
102 |a AM 
105 |a ab z 001zy 
200 1 |a Глубинные разломы территории Армянской ССР  |e по геофизическим данным  |f С. Н. Назаретян  |g Академия наук Армянской ССР (АН АрмССР), Институт геофизики и инженерной сейсмологии (ИГиИС) 
210 |a Ереван  |c Изд-во АН АрмССР  |d 1984 
215 |a 138 с.  |c ил., 1 л. схем. 
320 |a Библиогр.: с. 130-137 
606 1 |a Разломы глубинные  |2 stltpush  |3 (RuTPU)RU\TPU\subj\23610  |9 48173 
610 1 |a АрмССР 
610 1 |a Армения 
610 1 |a геофизические методы 
610 1 |a местоположение 
610 1 |a систематизация 
610 1 |a тектоническое районирование 
610 1 |a Малый Кавказ 
675 |a 551.243.8  |z rus  |v 3 
700 1 |a Назаретян  |b С. Н.  |g Сергей Норайрович  |4 070 
712 0 2 |a Академия наук Армянской ССР (АН АрмССР)  |b Институт геофизики и инженерной сейсмологии (ИГиИС)  |2 stltpush  |3 (RuTPU)RU\TPU\col\14583 
801 0 |a RU  |b RuMRKP  |c 19950704  |g psbo 
801 1 |a RU  |b 63413507  |c 20150527 
801 2 |a RU  |b 63413507  |c 20180525  |g RCR 
942 |c BK